Diversidad de macroinvertebrados acuáticos en un nacimiento de río en el páramo de Santurbán, Norte de Santander (Registro nro. 16348)

Detalles MARC
000 -CABECERA
Campo de control 007740000a22002050004500
090 ## - CLASIFICACIÓN LOCAL
Colección SERIADAS
044 ## - PAÍS DE PUBLICACIÓN
País de publicación
041 0# - IDIOMA
Código de idioma para texto/pista de sonido o título separado
100 1# - ASIENTO PRINCIPAL--NOMBRE PERSONAL
Nombre personal Castellanos, Pablo Manuel
245 10 - MENCION DE TITULO
Título Diversidad de macroinvertebrados acuáticos en un nacimiento de río en el páramo de Santurbán, Norte de Santander
651 #4 - ASIENTO SECUNDARIO DE MATERIA - NOMBRE GEOGRAFICO
-- Norte de Santander
-- Páramo de Santurbán
700 1# - ASIENTO SECUNDARIO - NOMBRE PERSONAL
Nombre personal Serrato, Clemencia
773 1# - Item fuente:
Título Revista de la Academia Colombiana de Ciencias Exactas, Físicas y Naturales
Descripción física 122
Paginas del Articulo 79-86
Lugar, editorial y fecha de publicación 2008
Información sobre la relación 32
942 ## - ELEMENTOS ADICIONALES (KOHA)
Tipo de ítem Artículo

No hay ítems disponibles.